<?xml version="1.0" encoding="UTF-8"?><?xml-stylesheet type="text/xsl" href="static/style.xsl"?><OAI-PMH xmlns="http://www.openarchives.org/OAI/2.0/" xmlns:xsi="http://www.w3.org/2001/XMLSchema-instance" xsi:schemaLocation="http://www.openarchives.org/OAI/2.0/ http://www.openarchives.org/OAI/2.0/OAI-PMH.xsd"><responseDate>2026-06-06T02:15:52Z</responseDate><request verb="GetRecord" identifier="oai:riuma.uma.es:10630/38162" metadataPrefix="marc">https://riuma.uma.es/rest/oai/request</request><GetRecord><record><header><identifier>oai:riuma.uma.es:10630/38162</identifier><datestamp>2026-02-03T11:08:14Z</datestamp><setSpec>com_10630_2254</setSpec><setSpec>col_10630_37953</setSpec></header><metadata><record xmlns="http://www.loc.gov/MARC21/slim" xmlns:dcterms="http://purl.org/dc/terms/" xmlns:doc="http://www.lyncode.com/xoai" xmlns:xsi="http://www.w3.org/2001/XMLSchema-instance" xsi:schemaLocation="http://www.loc.gov/MARC21/slim http://www.loc.gov/standards/marcxml/schema/MARC21slim.xsd">
   <leader>00925njm 22002777a 4500</leader>
   <datafield ind2=" " ind1=" " tag="042">
      <subfield code="a">dc</subfield>
   </datafield>
   <datafield ind2=" " ind1=" " tag="720">
      <subfield code="a">Di Zeo-Sánchez, Daniel Enrique</subfield>
      <subfield code="e">author</subfield>
   </datafield>
   <datafield ind2=" " ind1=" " tag="720">
      <subfield code="a">Segovia-Zafra, Antonio</subfield>
      <subfield code="e">author</subfield>
   </datafield>
   <datafield ind2=" " ind1=" " tag="720">
      <subfield code="a">Matilla-Cabello, Gonzalo</subfield>
      <subfield code="e">author</subfield>
   </datafield>
   <datafield ind2=" " ind1=" " tag="720">
      <subfield code="a">Pinazo-Bandera, José M.</subfield>
      <subfield code="e">author</subfield>
   </datafield>
   <datafield ind2=" " ind1=" " tag="720">
      <subfield code="a">Andrade-Bellido, Raúl Jesús</subfield>
      <subfield code="e">author</subfield>
   </datafield>
   <datafield ind2=" " ind1=" " tag="720">
      <subfield code="a">Lucena-González, María Isabel</subfield>
      <subfield code="e">author</subfield>
   </datafield>
   <datafield ind2=" " ind1=" " tag="720">
      <subfield code="a">Villanueva-Paz, Marina</subfield>
      <subfield code="e">author</subfield>
   </datafield>
   <datafield ind2=" " ind1=" " tag="260">
      <subfield code="c">2022-09-16</subfield>
   </datafield>
   <datafield ind2=" " ind1=" " tag="520">
      <subfield code="a">Introduction&#xd;
Idiosyncratic drug-induced liver injury (iDILI) is a challenging and unpredictable multifactorial condition. At present, validated preclinical models for the prediction of the hepatotoxic potential of a given drug are scarce.&#xd;
&#xd;
Areas covered&#xd;
This review intends to sum up the current knowledge about in vitro (including hepatocyte 2D cultures, cocultures with non-parenchymal cells, 3D configurations and non-typical closer to reality in vitro models), in vivo (covering models for immunological and oxidative stress features, humanized mouse-based and non-rodent models) and in silico approaches for iDILI modeling, highlighting the recent advances in each topic.&#xd;
&#xd;
Expert opinion&#xd;
The future strategy for iDILI modeling should be patient-centered. Future animal and cell-based models, with more predictive value, will be easier to design by using a more translational approach based on mechanisms demonstrated in humans. Genetic and epigenetic information gathered from iDILI patients, together with data from in vitro and in vivo studies, could be used to develop sophisticated predictive in silico models to find compounds with iDILI potential. Collecting genetic, metabolic, and biomarker data from patient cohorts might be another option to create a ‘fingerprint’ characteristic of people at risk, allowing for the development of new, mechanistic strategies to enhance iDILI in vitro evaluation.</subfield>
   </datafield>
   <datafield ind1="8" ind2=" " tag="024">
      <subfield code="a">Daniel E. Di Zeo-Sánchez, Antonio Segovia-Zafra, Gonzalo Matilla-Cabello, José M. Pinazo-Bandera, Raúl J. Andrade, M. Isabel Lucena &amp; Marina Villanueva-Paz (2022) Modeling drug-induced liver injury: current status and future prospects, Expert Opinion on Drug Metabolism &amp; Toxicology, 18:9, 555-573, DOI: 10.1080/17425255.2022.2122810</subfield>
   </datafield>
   <datafield ind1="8" ind2=" " tag="024">
      <subfield code="a">https://hdl.handle.net/10630/38162</subfield>
   </datafield>
   <datafield ind1="8" ind2=" " tag="024">
      <subfield code="a">10.1080/17425255.2022.2122810</subfield>
   </datafield>
   <datafield tag="653" ind2=" " ind1=" ">
      <subfield code="a">Hepatotoxicidad - Aspectos genéticos</subfield>
   </datafield>
   <datafield tag="653" ind2=" " ind1=" ">
      <subfield code="a">Estrés oxidativo</subfield>
   </datafield>
   <datafield tag="653" ind2=" " ind1=" ">
      <subfield code="a">Hígado - Heridas y lesiones</subfield>
   </datafield>
   <datafield ind2="0" ind1="0" tag="245">
      <subfield code="a">Modeling drug-induced liver injury: current status and future prospects.</subfield>
   </datafield>
</record>
</metadata></record></GetRecord></OAI-PMH>